000 00574nam a2200193 i 4500
001 42169
003 ES-MaACL
005 20250814063212.0
007 t|
008 030312s1971 sp ||||1| spa d
100 1 _aCastilla del Pino, Carlos,
_d1922-2009
_936651
245 1 3 _aEl humanismo "imposible" /
_cCarlos Castilla del Pino.
260 _a[Madrid :
_bTaurus,
_c1971]
300 _a85 p. ;
_c18 cm.
490 1 _aCuadernos Taurus ;
_v112
830 0 _aCuadernos Taurus ;
_v112
_9180748
852 _aES-MaACL
_jC-41631
_bR.79930
999 _c42169
_d42169